[Event "Lucius1"]
[Site "http://www.queenalice.com/game.php?id=1111665"]
[Date "2012.10.12"]
[Round "3"]
[White "frank_lasker"]
[Black "juli1"]
[Result "0-1"]
[WhiteElo "1798"]
[BlackElo "2261"]

1. e4 Nf6 2. Nc3 d6 3. h3 d5 4. e5 d4 5. Nb5 Ne4 6. Bd3 Nc5 7. Bc4 a6 8. Na3 Nc6
9. Nf3 b5 10. Bb3 d3 11. O-O e6 12. Nb1 Bb7 13. a4 Nxb3 14. cxb3 b4 15. Qe1 Na5
16. Qd1 Qd5 17. Ra2 Nxb3 18. a5 Nxc1 19. Qxc1 Qxa2 20. Qxc7 Bxf3 21. gxf3 Qd5
22. Kg2 Bc5 23. Rc1 Bd4 24. b3 Bxe5 25. Qb6 Bd6 26. Rc6 Be7 27. Qb7 O-O 28. Qb6
Rfb8 29. Qc7 Bd8 0-1

[Event "AUTO-ADV-3058"]
[Site "http://www.queenalice.com/game.php?id=1250303"]
[Date "2014.1.22"]
[Round "1"]
[White "frank_lasker"]
[Black "maxchessbr"]
[Result "0-1"]
[WhiteElo "1789"]
[BlackElo "1882"]

1. f4 g6 2. e3 Bg7 3. Nc3 Nf6 4. e4 d6 5. Nf3 O-O 6. d3 b6 7. Be3 Bb7 8. Qd2
Nbd7 9. O-O-O c5 10. f5 Ng4 11. h3 Nxe3 12. Qxe3 e5 13. h4 Nf6 14. Kb1 a6 15. a3
b5 16. Be2 Bc6 17. Ng5 h6 18. Nh3 a5 19. h5 g5 20. Rdf1 b4 21. Nd5 Nxd5 22. exd5
Bxd5 23. Qg3 bxa3 24. c4 Qb6 25. Kc1 Qxb2+ 26. Kd1 a2 27. Ke1 a1=Q+ 28. Kf2 Qd4+
29. Qe3 Qxe3+ 30. Kxe3 Qd4+ 31. Kd2 Bxg2 0-1

[Event "AUTO-ADV-3058"]
[Site "http://www.queenalice.com/game.php?id=1250304"]
[Date "2014.1.22"]
[Round "1"]
[White "maxchessbr"]
[Black "frank_lasker"]
[Result "1-0"]
[WhiteElo "1832"]
[BlackElo "1789"]

1. e4 e5 2. Nf3 Nf6 3. d4 d5 4. exd5 e4 5. Ne5 Qxd5 6. Bc4 Qa5+ 7. Bd2 Qb6 8.
Bxf7+ Ke7 9. Bc3 Be6 10. Bxe6 Qxe6 11. O-O Nbd7 12. f4 Nb6 13. b3 Nbd5 14. Bd2
e3 15. Bc1 Qa6 16. c4 c6 17. Qe1 Nb4 18. Ba3 c5 19. Bxb4 cxb4 20. Qxb4+ Ke6 21.
Qe1 Ba3 22. Nxa3 Qxa3 23. Qxe3 Rhe8 24. c5 Kd5 25. Qf3+ Kxd4 26. Qd3+ Kxc5 27.
Rac1+ Kb4 28. Qd6+ 1-0

[Event "AUTO-ADV-3058"]
[Site "http://www.queenalice.com/game.php?id=1250305"]
[Date "2014.1.22"]
[Round "1"]
[White "frank_lasker"]
[Black "paloberto"]
[Result "1-0"]
[WhiteElo "1839"]
[BlackElo "1832"]

1. f4 d5 2. e3 c5 3. b3 Nc6 4. Bb2 Bf5 5. Nc3 Nf6 6. Nf3 Ne4 7. Bd3 e6 8. O-O
Be7 9. Ne2 O-O 10. Ng3 Nxg3 11. hxg3 Bxd3 12. cxd3 f6 13. d4 cxd4 14. Bxd4 Nxd4
15. Nxd4 Qd7 16. f5 e5 17. Ne6 Rfe8 18. Qg4 Bb4 19. Qxb4 Rac8 20. Rf2 g6 21. Qg4
Qf7 22. Raf1 Rc2 23. d4 Rxf2 24. Rxf2 Rc8 25. dxe5 fxe5 26. fxg6 Qxg6 27. Ng5
Re8 28. Qd7 d4 29. Nxh7 dxe3 30. Rf3 e2 31. Kf2 e1=Q+ 32. Kxe1 Qb1+ 33. Kf2
Qxa2+ 34. Kg1 Qb1+ 35. Rf1 Qg6 36. Nf6+ 1-0

[Event "AUTO-ADV-3058"]
[Site "http://www.queenalice.com/game.php?id=1250306"]
[Date "2014.1.22"]
[Round "1"]
[White "paloberto"]
[Black "frank_lasker"]
[Result "0-1"]
[WhiteElo "1841"]
[BlackElo "1809"]

1. d4 d5 2. c4 e6 3. Nc3 Nf6 4. Nf3 c5 5. e3 Nc6 6. Be2 Bd6 7. O-O a6 8. cxd5
exd5 9. a3 Qc7 10. Re1 Ng4 11. g3 h5 12. Nxd5 Qb8 13. Nb6 Ra7 14. Nxc8 Qxc8 15.
d5 Ne7 16. e4 O-O 17. b3 b5 18. Bb2 f5 19. Bd3 f4 20. e5 fxg3 21. hxg3 Bb8 22.
d6 Nc6 23. Bg6 Qe6 24. Qd3 c4 25. bxc4 bxc4 26. Qd2 Qxg6 27. Bc3 Rxf3 28. Qd5+
Raf7 29. Qxc6 Nxf2 0-1

[Event "AUTO-ADV-3058"]
[Site "http://www.queenalice.com/game.php?id=1250307"]
[Date "2014.1.22"]
[Round "1"]
[White "frank_lasker"]
[Black "Gorgona"]
[Result "1-0"]
[WhiteElo "1850"]
[BlackElo "1742"]

1. f4 d5 2. e3 Nf6 3. b3 Nc6 4. Bb2 e6 5. Nf3 Be7 6. Bb5 Bd7 7. Nc3 O-O 8. Ne2
a6 9. Bd3 Nb4 10. Ng3 Nxd3+ 11. cxd3 Bb5 12. Ne5 Bd6 13. O-O Nd7 14. Qg4 Nxe5
15. Bxe5 Bxe5 16. fxe5 Bxd3 17. Rf3 Bg6 18. h4 f5 19. exf6 Rxf6 20. Raf1 Rxf3
21. Rxf3 Qe7 22. h5 Bb1 23. a3 Rf8 24. h6 Rxf3 25. Qxf3 gxh6 26. b4 Qf7 27. Qg4+
Qg6 28. Qf4 Qg7 29. Nh5 Qf7 30. Qxh6 Qg6 31. Nf6+ Kf7 32. Qf4 Qxf6 33. Qxc7+ Qe7
34. Qe5 Be4 35. Qf4+ Kg7 36. g3 h6 37. Qe5+ Qf6 38. Qc7+ Qf7 39. Qc8 Qf3 40.
Qd7+ 1-0

[Event "AUTO-ADV-3058"]
[Site "http://www.queenalice.com/game.php?id=1250308"]
[Date "2014.1.22"]
[Round "1"]
[White "Gorgona"]
[Black "frank_lasker"]
[Result "0-1"]
[WhiteElo "1731"]
[BlackElo "1789"]

1. e4 e5 2. f4 Qh4+ 3. g3 Qf6 4. Nf3 exf4 5. gxf4 Qxf4 6. d3 Qd6 7. Nc3 f5 8. e5
Qg6 9. Nd5 Na6 10. d4 c6 11. Nf4 Qf7 12. Bxa6 bxa6 13. Qd3 Bb7 14. Ng5 Qe7 15.
Qxf5 Nh6 0-1

[Event "AUTO-OPEN-3172"]
[Site "http://www.queenalice.com/game.php?id=1250475"]
[Date "2014.1.23"]
[Round "1"]
[White "luizantoniosetti"]
[Black "frank_lasker"]
[Result "1-0"]
[WhiteElo "1916"]
[BlackElo "1826"]

1. e4 e5 2. Nf3 Nf6 3. Nxe5 Nxe4 4. Qe2 d5 5. d3 Qe7 6. dxe4 Qxe5 7. exd5 Bd6 8.
Qxe5+ Bxe5 9. Be2 O-O 10. O-O Bf5 11. c3 Nd7 12. Be3 Nf6 13. Bf3 Bg4 14. Bxg4
Nxg4 15. h3 Nf6 16. f4 Nxd5 17. fxe5 Nxe3 18. Rf2 Nd1 19. Rd2 Ne3 20. Re2 Nc4
21. b3 Na5 22. Nd2 h6 23. b4 Nc6 24. a4 a5 25. b5 Ne7 26. Nf3 b6 27. Rd1 c6 28.
c4 cxb5 29. cxb5 Nf5 30. Kf2 Ra7 31. g4 Ne7 32. Rd6 Rb7 33. e6 fxe6 34. Rexe6
Nc8 35. Rd3 Rbf7 36. Kg3 Ne7 37. Rxb6 Rf4 38. Nd4 h5 39. Ra6 Ng6 40. Rxg6 hxg4
41. Rxg4 Rf1 42. Nc6 Rg1+ 43. Kh2 Re1 44. Nxa5 Rff1 45. Nc6 Rh1+ 46. Kg3 Kh7 47.
Kh4 Kh6 48. Rd6+ Kh7 49. Rdg6 Re3 50. Rxg7+ Kh8 51. Rg3 Re4+ 52. R7g4 Re8 53.
Kh5 Rf1 54. h4 Rf5+ 55. Rg5 Rf4 56. Rg6 Rf5+ 57. R3g5 Rf4 58. Rh6# 1-0

[Event "AUTO-OPEN-3172"]
[Site "http://www.queenalice.com/game.php?id=1250476"]
[Date "2014.1.23"]
[Round "1"]
[White "frank_lasker"]
[Black "luizantoniosetti"]
[Result "0-1"]
[WhiteElo "1803"]
[BlackElo "2018"]

1. f4 d5 2. e3 Nf6 3. b3 c5 4. Bb2 e6 5. Bb5+ Nc6 6. Nc3 Bd7 7. Nce2 Be7 8. Ng3
a6 9. Bd3 b5 10. Nf3 c4 11. bxc4 bxc4 12. Be2 a5 13. O-O a4 14. Be5 Nxe5 15.
Nxe5 O-O 16. d3 cxd3 17. Bxd3 a3 18. Nh5 g6 19. Nxf6+ Bxf6 20. Rb1 Qc7 21. Ng4
Bg7 22. Bb5 Bxb5 23. Rxb5 Qc4 24. Qb1 Bb2 25. Rb6 Rfb8 26. Rxb8+ Rxb8 27. Nf6+
Kg7 28. Nd7 Rb4 29. h3 Bd4 30. Qe1 Bc3 31. Qh4 Qc8 32. Ne5 Bxe5 33. fxe5 Rxh4
0-1

[Event "AUTO-OPEN-3172"]
[Site "http://www.queenalice.com/game.php?id=1250499"]
[Date "2014.1.23"]
[Round "1"]
[White "Justiceseeker"]
[Black "frank_lasker"]
[Result "1-0"]
[WhiteElo "1957"]
[BlackElo "1796"]

1. e4 e5 2. f4 exf4 3. Nf3 Nc6 4. Bc4 Bc5 5. d4 Bd6 6. O-O f6 7. e5 fxe5 8. dxe5
Nxe5 9. Nxe5 Bxe5 10. Qh5+ g6 11. Qxe5+ Qe7 12. Qxe7+ Nxe7 13. Rxf4 d5 14. Bd3
Bf5 15. Rf1 Bxd3 16. cxd3 O-O-O 17. Bg5 Rde8 18. Bxe7 Rxe7 19. Nd2 Re2 20. Rf2
Rhe8 21. Rxe2 Rxe2 22. Rd1 c5 23. b3 Kc7 24. a3 Kc6 25. Kf1 Re5 26. Nf3 Rf5 27.
Ke2 g5 28. g4 Rf7 29. Ne5+ 1-0

[Event "AUTO-OPEN-3172"]
[Site "http://www.queenalice.com/game.php?id=1250500"]
[Date "2014.1.23"]
[Round "1"]
[White "frank_lasker"]
[Black "Justiceseeker"]
[Result "1-0"]
[WhiteElo "1786"]
[BlackElo "1967"]

1. f4 e5 2. e3 exf4 3. exf4 Nf6 4. Nc3 d5 5. d4 Bf5 6. Nf3 Nc6 7. Bb5 a6 8. Bd3
Bxd3 9. Qxd3 Bd6 10. O-O O-O 11. Ng5 g6 12. f5 Nb4 13. Qh3 h5 14. fxg6 fxg6 15.
Ne6 Ng4 16. Rxf8+ Qxf8 17. Nxf8 Bxh2+ 18. Kf1 Rxf8+ 19. Ke2 Rf2+ 20. Ke1 Nxc2+
21. Kd1 Nxa1 22. Nxd5 c6 23. Ne7+ Kh7 24. Nxg6 Kxg6 25. Qd3+ Kg7 26. d5 Nc2 27.
d6 Bxd6 28. Qxd6 Nge3+ 29. Bxe3 Nxe3+ 30. Ke1 Rd2 31. Qxd2 1-0

[Event "AUTO-OPEN-3172"]
[Site "http://www.queenalice.com/game.php?id=1250513"]
[Date "2014.1.23"]
[Round "1"]
[White "beckhamf2000"]
[Black "frank_lasker"]
[Result "0-1"]
[WhiteElo "1729"]
[BlackElo "1814"]

1. d4 e6 2. e4 d5 3. Nd2 c5 4. exd5 Qxd5 5. Ngf3 Nf6 6. Bc4 Qd8 7. O-O Nc6 8.
Nb3 Qb6 9. d5 exd5 10. Bxd5 Be7 11. Re1 O-O 12. Bxc6 bxc6 13. Rxe7 Ba6 14. Be3
Ng4 15. Bxc5 Qb5 16. Rxa7 Rad8 17. Rd7 Qe2 18. Bxf8 Qxf2+ 19. Kh1 Rxf8 20. Qe1
Qxc2 21. Rc1 Qxb2 22. Rxc6 Qxa2 23. Nc5 Bb5 24. Rd2 Qc4 0-1

[Event "AUTO-OPEN-3172"]
[Site "http://www.queenalice.com/game.php?id=1250514"]
[Date "2014.1.23"]
[Round "1"]
[White "frank_lasker"]
[Black "beckhamf2000"]
[Result "1-0"]
[WhiteElo "1827"]
[BlackElo "1716"]

1. e4 c5 2. Nc3 Nc6 3. Nf3 e5 4. Bc4 Be7 5. d3 Nf6 6. O-O O-O 7. Ng5 h6 8. Nh3
d6 9. Qf3 Nd4 10. Qg3 Nh5 11. Qg6 Bxh3 12. Qxh5 Nxc2 13. Rb1 Be6 14. Bxe6 fxe6
15. f4 exf4 16. Bxf4 Bg5 17. h4 Bxf4 18. Rf3 Be3+ 19. Kh1 Rxf3 20. gxf3 Qf6 21.
Nb5 d5 22. exd5 Rd8 23. Nc7 exd5 24. Nxd5 1-0

[Event "AUTO-ADV-3096"]
[Site "http://www.queenalice.com/game.php?id=1263210"]
[Date "2014.3.8"]
[Round "1"]
[White "Legionnaire"]
[Black "frank_lasker"]
[Result "1-0"]
[WhiteElo "1768"]
[BlackElo "1862"]

1. e4 e5 2. Nf3 Nf6 3. Nxe5 Qe7 4. Nf3 Nxe4 5. Qe2 d5 6. d3 Nf6 7. Bg5 Be6 8.
Qe5 Nc6 9. Qf4 Qb4+ 10. Qxb4 Nxb4 11. Na3 Be7 12. c3 Nc6 13. Nc2 O-O 14. Be2 Bg4
15. O-O Bxf3 16. Bxf3 h6 17. Bh4 Nd7 18. Bg3 Bd6 19. Bxd6 cxd6 20. Bxd5 Na5 21.
b4 Nc6 22. Rfe1 Rac8 23. Bxc6 Rxc6 24. c4 Ne5 25. Rad1 d5 26. Rxe5 dxc4 27. dxc4
Rxc4 28. Rd2 Rfc8 29. Ne3 Rxb4 30. g3 f6 31. Red5 b5 32. Rd7 a5 33. Nf5 Rc1+ 34.
Kg2 g5 35. Re2 g4 36. Re8# 1-0

[Event "AUTO-ADV-3096"]
[Site "http://www.queenalice.com/game.php?id=1263211"]
[Date "2014.3.8"]
[Round "1"]
[White "frank_lasker"]
[Black "Legionnaire"]
[Result "1-0"]
[WhiteElo "1866"]
[BlackElo "1840"]

1. f4 Nf6 2. b3 g6 3. Bb2 Bg7 4. e3 e6 5. Nc3 O-O 6. Nf3 b6 7. Ne2 Bb7 8. Ng3
Nc6 9. Bd3 Nb4 10. Ba3 Nxd3+ 11. cxd3 d6 12. e4 c5 13. e5 Ng4 14. Bb2 dxe5 15.
Bxe5 Qxd3 16. Bxg7 Kxg7 17. Qe2 Rad8 18. O-O Bxf3 19. gxf3 Qxe2 20. Nxe2 Ne3 21.
Rf2 Rxd2 22. Ng3 Rfd8 23. Ne4 Rxf2 24. Kxf2 Nc2 25. Rc1 Nb4 26. Ra1 f5 27. Ng5
Rd6 28. a3 Nc6 29. Re1 Nd4 30. b4 h6 31. bxc5 bxc5 32. a4 hxg5 33. fxg5 Nb3 34.
Re3 c4 35. Kg3 Rd3 36. Rxe6 Rd7 37. Rc6 Nd2 38. a5 Kf7 39. Kf4 Re7 40. Rf6+ Kg7
41. Rc6 Nb3 42. a6 Na5 43. Rc5 Nb3 44. Rxc4 Kf7 45. Rc3 Nd4 46. Rc4 Ne6+ 47. Kg3
Nxg5 48. h4 Nh7 49. Kf4 Kf6 50. Rc6+ Kf7 51. Rc5 Nf6 52. Rc6 Nd5+ 53. Kg5 Re6
54. Rxe6 Kxe6 55. Kxg6 Nf6 56. f4 Nd5 57. Kg5 Nf6 58. h5 Nd5 59. h6 Nf6 60. Kg6
Ke7 61. h7 Nxh7 62. Kxh7 Kf7 63. Kh6 Kf6 64. Kh5 Ke6 65. Kg6 Ke7 66. Kxf5 Kf7
67. Ke5 Ke7 68. f5 Kf7 69. Kd6 Kf6 70. Kc7 1-0

[Event "AUTO-ADV-3096"]
[Site "http://www.queenalice.com/game.php?id=1263224"]
[Date "2014.3.8"]
[Round "1"]
[White "Pagano"]
[Black "frank_lasker"]
[Result "0-1"]
[WhiteElo "1982"]
[BlackElo "1842"]

1. e4 e5 2. f4 Nc6 3. Nf3 exf4 4. d4 Nf6 5. Nc3 Bb4 6. Bd3 O-O 7. Bxf4 d6 8. O-O
Bg4 9. Bg5 Nxd4 10. Nd5 Bc5 11. Kh1 Ne6 12. Bxf6 gxf6 13. h3 Bh5 14. Qd2 c6 15.
Ne3 d5 16. exd5 cxd5 17. Nh4 Nd4 18. c3 Ne6 19. Nhf5 d4 20. cxd4 Nxd4 21. Nxd4
Bxd4 22. Nf5 Bxb2 23. Rab1 Be5 24. Rxb7 a5 25. Ne7+ Kg7 26. Nf5+ Kh8 27. Qh6 Rg8
28. Nd6 Rg7 29. Nf5 Rg5 30. Bc4 Qd2 31. Rg1 Qf4 0-1

[Event "AUTO-ADV-3096"]
[Site "http://www.queenalice.com/game.php?id=1263225"]
[Date "2014.3.8"]
[Round "1"]
[White "frank_lasker"]
[Black "Pagano"]
[Result "1-0"]
[WhiteElo "1855"]
[BlackElo "1975"]

1. e4 a6 2. Nf3 b5 3. c4 b4 4. d4 e6 5. e5 Bb7 6. Be2 c5 7. a3 cxd4 8. Qxd4 Nc6
9. Qd1 Qc7 10. Bf4 Bc5 11. O-O Nge7 12. Nbd2 Ng6 13. Bg3 h5 14. Ng5 h4 15. Nde4
hxg3 16. Nxc5 gxf2+ 17. Rxf2 Qxe5 18. Qxd7+ 1-0

[Event "AUTO-ADV-3096"]
[Site "http://www.queenalice.com/game.php?id=1263232"]
[Date "2014.3.8"]
[Round "1"]
[White "solzhenitsyn"]
[Black "frank_lasker"]
[Result "1-0"]
[WhiteElo "1931"]
[BlackElo "1864"]

1. d4 d5 2. Nf3 Nf6 3. Bg5 e6 4. e3 c5 5. Bb5+ Bd7 6. Bxd7+ Qxd7 7. Ne5 Qb5 8.
b3 Be7 9. c4 Qb4+ 10. Qd2 cxd4 11. exd4 Ne4 12. Qxb4 Bxb4+ 13. Bd2 Bxd2+ 14.
Nxd2 Nd6 15. c5 Nf5 16. Ndf3 f6 17. Nd3 Nc6 18. O-O Nfxd4 19. Nxd4 Nxd4 20. Nf4
g5 21. Nh5 Kf7 22. f4 Ne2+ 23. Kh1 Kg6 24. Ng3 Nxf4 25. h4 Nd3 26. h5+ Kg7 27.
Rf3 Nxc5 28. Rc1 b6 29. b4 Na6 30. a3 d4 31. Rc6 Rhe8 32. Ne4 f5 33. Nxg5 Rad8
34. Nxe6+ Rxe6 35. Rxe6 d3 36. Rf1 d2 37. Rd1 Nc7 38. Re7+ Kh6 39. Rxc7 a6 40.
Rc6+ Kxh5 41. Rxb6 Kg4 42. Rxa6 Kg3 43. Kg1 f4 44. Rh6 Re8 45. Rh3+ Kg4 46. Rxd2
h5 47. Kh2 h4 48. b5 Re5 49. a4 Rc5 50. Rd4 Kg5 51. b6 Ra5 52. Rb4 Ra8 53. b7
Rb8 54. a5 Kf5 55. a6 1-0

[Event "AUTO-ADV-3096"]
[Site "http://www.queenalice.com/game.php?id=1263233"]
[Date "2014.3.8"]
[Round "1"]
[White "frank_lasker"]
[Black "solzhenitsyn"]
[Result "1/2-1/2"]
[WhiteElo "1881"]
[BlackElo "1895"]

1. f4 Nf6 2. b3 e6 3. Bb2 Nc6 4. e3 Be7 5. Nf3 b6 6. Nc3 Bb7 7. Ne2 O-O 8. Ng3
d5 9. Bd3 Nb4 10. O-O Nxd3 11. cxd3 c5 12. d4 cxd4 13. Nxd4 Rc8 14. Nf3 Ba6 15.
Re1 Bd3 16. Ne5 Bc2 17. Qf3 Be4 18. Qe2 Bd6 19. Qa6 Rc2 20. Bc3 Qc7 21. a4 Ra8
22. Ne2 Rxc3 23. Nxc3 Bxe5 24. fxe5 Qxe5 25. Nb5 Qg5 26. g3 Nh5 27. Nd6 Bf3 28.
Qb7 Rf8 29. Kf2 Qf6 30. Rf1 e5 31. Qc7 Bg4+ 32. Ke1 Qg6 33. a5 Nf6 34. axb6 axb6
35. b4 Qd3 36. Rf2 Qb3 37. Qxb6 Qb2 38. Qa5 d4 39. Nc4 Qb3 40. Nxe5 dxe3 41.
dxe3 Qxe3+ 42. Kf1 Bh3+ 43. Kg1 Ne4 44. Qa2 Nxf2 45. Qxf2 Qxe5 46. Re1 Qd5 47.
Qb2 Qb5 48. Kf2 Qb6+ 49. Kf3 Qc6+ 50. Kf4 Qc4+ 51. Re4 Qf1+ 52. Ke3 Qe1+ 53. Qe2
Qc3+ 54. Kf2 Qf6+ 55. Ke1 Qa1+ 56. Kf2 Qa7+ 57. Qe3 Qxe3+ 58. Kxe3 Be6 59. Kd4
Rb8 60. Ke5 Rb5+ 61. Kd6 h6 62. Rd4 g6 63. Kc6 Rb8 64. b5 Kf8 65. b6 Ke7 66. Kc7
Rc8+ 67. Kb7 Rc2 68. Ka8 Ra2+ 69. Kb8 Rb2 70. b7 f5 71. h4 Kf6 72. Rd6 g5 73.
Kc7 Ke7 74. Rb6 Rc2+ 75. Rc6 Rb2 76. b8=Q Rxb8 77. Kxb8 gxh4 78. gxh4 Kf6 79.
Kc7 Ke5 80. Rc5+ Ke4 81. Kd6 Ba2 82. Rc2 Bf7 83. Ke7 Bh5 84. Rc4+ Ke3 85. Kf6 f4
86. Ke5 f3 87. Kf6 f2 88. Rc1 Kd2 89. Rh1 Ke2 90. Kg7 Bf3 91. Rh2 Ke1 92. Rxf2
Kxf2 93. Kxh6 Kg3 94. Kg5 1/2-1/2

[Event "Challenge"]
[Site "http://www.queenalice.com/game.php?id=1266488"]
[Date "2014.3.20"]
[Round "-"]
[White "frank_lasker"]
[Black "ray"]
[Result "0-1"]
[WhiteElo "1876"]
[BlackElo "1630"]

1. f4 Nc6 2. e3 d5 3. b3 Nf6 4. Bb2 Bd7 5. Nf3 e6 6. Nc3 Bd6 7. Ne2 Qe7 8. Ng3
h5 9. Bb5 h4 10. Ne2 O-O-O 11. Ned4 Nxd4 12. Bxd7+ Nxd7 13. Bxd4 Kb8 14. Bxg7
Rhg8 15. Bd4 Rxg2 16. Rg1 Rxg1+ 17. Nxg1 Rg8 18. Nf3 e5 19. fxe5 Nxe5 20. Qe2 h3
21. O-O-O Rg2 22. Qb5 b6 23. Bxe5 Bxe5 24. Qxd5 Qa3+ 0-1

[Event "Challenge"]
[Site "http://www.queenalice.com/game.php?id=1269572"]
[Date "2014.4.1"]
[Round "-"]
[White "frank_lasker"]
[Black "jorm"]
[Result "1-0"]
[WhiteElo "1851"]
[BlackElo "1828"]

1. e4 e5 2. Nf3 Nc6 3. Nc3 a6 4. Bc4 Nf6 5. O-O h6 6. d3 Na5 7. Nxe5 Nxc4 8.
Nxc4 d6 9. e5 dxe5 10. Nxe5 Bd6 11. Bf4 O-O 12. d4 c6 13. Qf3 Bf5 14. Rac1 Qb6
15. b3 Qxd4 16. Ne2 Qc5 17. c4 Bxe5 18. Bxe5 Qxe5 19. Rfe1 Qc5 20. h3 Bh7 21.
Nc3 Rad8 22. Qg3 Rd7 23. Na4 1-0